Statistics for Three Biggest Cities by Time Zone (with map)

Click here to take the quiz!

General Stats

  • This quiz has been taken 174 times
  • The average score is 60 of 90

Answers on the Map

Answers color-coded by a green-red scale on the quiz's map according to % correct below.
Loading ...
Standard Time Zones of the World
 

Answer Stats

UTCPopCities% Correct
+940.4 mTokyo
97%
-522.1 mNew York City
96%
+111.4 mParis
95%
-817.7 mLos Angeles
95%
+014.8 mLondon
95%
-623.0 mMexico City
95%
+317.3 mMoscow
95%
+5½30.3 mDelhi
94%
+221.0 mCairo
93%
+833.6 mShanghai
93%
-313.2 mRio de Janeiro
93%
-322.4 mSão Paulo
93%
+105.30 mSydney
92%
+316.0 mIstanbul
91%
-87.85 mSan Francisco
91%
+5½25.1 mMumbai
91%
+731.3 mJakarta
91%
-316.4 mBuenos Aires
91%
+104.97 mMelbourne
90%
+924.8 mSeoul
90%
-510.1 mLima
90%
+3½15.3 mTehran
89%
-84.42 mSeattle
89%
-47.25 mSantiago
89%
+119.4 mLagos
88%
-59.60 mBogota
88%
+213.9 mJohannesburg
88%
+718.8 mBangkok
87%
+825.7 mManila
87%
+846.7 mGuangzhou
87%
+917.7 mOsaka
87%
-43.75 mCaracas
85%
+121.40 mAuckland
85%
+12209 kWellington
85%
+112.4 mKinshasa
83%
-67.20 mDallas
83%
-69.75 mChicago
82%
-73.75 mDenver
82%
+517.8 mKarachi
81%
+38.05 mRiyadh
81%
+5½16.8 mKolkata
81%
-74.70 mPhoenix
79%
+103.15 mBrisbane
77%
+4½4.32 mKabul
77%
-9291 kAnchorage
76%
+513.0 mLahore
74%
+78.60 mHo Chi Minh City
74%
-932.1 kJuneau
71%
+620.1 mDhaka
71%
+12374 kChristchurch
71%
+05.10 mAccra
71%
-101.00 mHonolulu
68%
+9½1.34 mAdelaide
68%
+26.30 mKhartoum
67%
+6½5.60 mYangon
66%
+05.60 mAbidjan
66%
+45.35 mDubai
65%
+53.45 mIslamabad
63%
-72.45 mSalt Lake City
61%
+42.57 mBaku
59%
-931.5 kFairbanks
57%
+5¾2.50 mKathmandu
56%
+41.50 mAbu Dhabi
53%
+9½149 kDarwin
51%
+62.10 mAlmaty
51%
+6½925 kNaypyidaw
50%
+64.92 mChittagong
49%
+3½3.20 mIsfahan
49%
+6½1.56 mMandalay
46%
+1336.7 kApia
46%
-3½178 kSt. John's
45%
+3½3.20 mMashhad
43%
-1130 kPraia
37%
+4½614 kKandahar
36%
-1043.3 kHilo
36%
+1323.2 kNuku'alofa
35%
-42.62 mMaracaibo
35%
+1184.5 kHoniara
31%
+4½436 kHerat
29%
+1196.0 kMagadan
24%
-1111.5 kPago Pago
21%
+11199 kYuzhno-Sakhalinsk
18%
+5¾403 kPokhara
16%
-168.8 kPonta Delgada
12%
-1055.9 kKahului
12%
-3½19.5 kCorner Brook
10%
+5¾281 kBharatpur
7%
+9½29.6 kMount Gambier
7%
-169.9 kMindelo
7%
-3½12.0 kGrand Falls-Windsor
7%

Score Distribution

Percentile by Number Answered

Percent of People with Each Score

Your Score History

You have not taken this quiz